• 首页
  • 本馆介绍
  • 公告通知
  • 最新文献
  • 馆藏检索
  • 电子资源
  • 读者导购
  • 参考咨询
  • 我的图书馆
  • 登录
  • 详细信息显示
  • 放入我的书架
  • 预约/预借图书
  • 作者相关作品
  • 分类相关作品
  • 丛书相关作品
  • 出版社相关作品

书目信息

  • 表格格式
  • 工作单格式
  • 卡片格式
题名:
千姿万态的动物
    
 
作者: 施新泉 主编
分册:  
出版信息: 上海   上海科学技术文献出版社  2005
页数: 247页
开本: 25cm
丛书名: 《原来如此》丛书
单 册:
中图分类: Q95-49
科图分类:
主题词: 动物--普及读物
电子资源:
ISBN: 7-5439-2576-1
000 00942nam0 2200265 450
001 TS-205317
005 20061207150510.00
010    @a7-5439-2576-1@dCNY30.00
100    @a20060829d2005 em y0chiy0110 ea
101 0  @achi
102    @aCN@b310000
105    @aab z 000yy
200 1  @a千姿万态的动物@Aqian zi wan tai de dong wu@f施新泉主编@FShi Xin Quan Zhu Bian
210    @a上海@c上海科学技术文献出版社@d2005
215    @a247页@c地图,图@d25cm
225 0  @a《原来如此》丛书
300    @a上海科普创作出版专项资金资助
308    @a丛书原题:科学原来如此丛书
330    @a本书选出120余种典型的、有代表性的动物,并配有照片。再由资深的动物学家、动物饲养专家、科普作家,用形象生动的文字揭示动物的生态、习性、行为等知识。
410  0 @1001002935518@12001 @a科学原来如此丛书
606 0  @a动物@x普及读物
690    @aQ95-49@v4
701  0 @a施新泉@Ashi xin quan@4主编
801  0 @aCN@b中图数据@c20061207
905    @a10447@dQ95-49@e100
    
    千姿万态的动物/施新泉主编.-上海:上海科学技术文献出版社,2005
    247页:地图,图;25cm.-(《原来如此》丛书)
    上海科普创作出版专项资金资助
    
    ISBN 7-5439-2576-1:CNY30.00
    本书选出120余种典型的、有代表性的动物,并配有照片。再由资深的动物学家、动物饲养专家、科普作家,用形象生动的文字揭示动物的生态、习性、行为等知识。
●
相关链接 在E读中查询图书 在五车中查询图书 在当当中查询图书 在豆瓣中查询图书


正题名:千姿万态的动物     索取号:Q95-49/100         预约/预借

序号 登录号 条形码 馆藏地/架位号 状态 备注
1 0601730   206017308   第二样本阅览室/ [索取号:Q95-49/100] 在馆    
2 0601731   206017317   第三借阅区/ [索取号:Q95-49/100] 在馆    
唐山师范学院图书馆 欢迎您!
大连网信软件有限公司© 版权所有